Villes de la zone occupée ou de la zone libre ? - Click quiz - Statistiques

Statistiques générales
  • Ce quiz a été pris 699 fois
  • Le résultat moyen est 14 sur 20
Statistiques - réponses
Hint Réponse % Correct
Paris Zone occupée
91%
Nantes Zone occupée
86%
Toulouse Zone libre
85%
Belfort Zone occupée
83%
Auxerre Zone occupée
82%
Tarbes Zone libre
81%
Tours Zone occupée
80%
Saint-Étienne Zone libre
79%
Dijon Zone occupée
79%
Lyon Zone libre
75%
Vichy Zone libre
75%
Annecy Zone libre
73%
La Rochelle Zone occupée
73%
Chalon-sur-Saône Zone occupée
64%
Poitiers Zone occupée
62%
Limoges Zone libre
58%
Bordeaux Zone occupée
57%
Angoulême Zone occupée
51%
Biarritz Zone occupée
45%
Châteauroux Zone libre
25%
Aucun quiz correspondant
Distribution des résultats
% des personnes avec chaque résultat
Percentile par nombre de réponses
Votre historique - résultats
Vous n’avez pas pris ce quiz